Economic analysis

Zapisane w:
Opis bibliograficzny
1. autor: Boulding, Kenneth E.
Format: Książka
Język:Undetermined
Wydane: New York Harper 1955
Hasła przedmiotowe:
Etykiety: Dodaj etykietę
Nie ma etykietki, Dołącz pierwszą etykiete!
Thư viện lưu trữ: Trung tâm Học liệu Trường Đại học Cần Thơ
LEADER 00427nam a2200169Ia 4500
001 CTU_78743
008 210402s9999 xx 000 0 und d
082 |a 330 
082 |b B763 
100 |a Boulding, Kenneth E. 
245 0 |a Economic analysis 
245 0 |c Kenneth E. Boulding 
260 |a New York 
260 |b Harper 
260 |c 1955 
650 |a Economics 
980 |a Trung tâm Học liệu Trường Đại học Cần Thơ